Unearthing Alexandria's archaeology : the Italian contribution /
The results of an archival survey, historical research and archaeological description of the main Italian excavations in Alexandria from the 1890s to the 1950s, accompanied by often unpublished photographs and followed by a catalogue of other rare photographs of different archaeological sites in the...
المؤلفون الرئيسيون: ,
التنسيق: كتاب الكتروني
اللغة: English
منشور في:
Summertown, Oxford :
Archaeopress Publishing Ltd,
2018.
الموضوعات:
الوصول للمادة أونلاين: Login to view Source
الوسوم: إضافة وسم
رقم الطلب: DT73.A4
| LEADER | 02038nam a2200421 i 4500 | ||
|---|---|---|---|
| 001 | EDZ0001947731 | ||
| 003 | StDuBDS | ||
| 005 | 20230412182210.0 | ||
| 006 | m|||||o||d|||||||| | ||
| 007 | cr ||||||||||| | ||
| 008 | 180319s2018 enka fob 000|0|eng|d | ||
| 020 | |a 9781784918668 (ebook) : |c No price | ||
| 040 | |a StDuBDS |b eng |c StDuBDS |e rda |e pn | ||
| 050 | 4 | |a DT73.A4 | |
| 082 | 0 | 4 | |a 932 |2 23 |
| 100 | 1 | |a Kenawi, Mohamed, |e author. | |
| 245 | 1 | 0 | |a Unearthing Alexandria's archaeology : |b the Italian contribution / |c Mohamed Kenawi and Giorgia Marchiori. |
| 264 | 1 | |a Summertown, Oxford : |b Archaeopress Publishing Ltd, |c 2018. | |
| 300 | |a 1 online resource (viii, 194 pages) : |b illustrations (black and white, and colour) | ||
| 336 | |a text |2 rdacontent | ||
| 336 | |a still image |2 rdacontent | ||
| 337 | |a computer |2 rdamedia | ||
| 338 | |a online resource |2 rdacarrier | ||
| 500 | |a Previously issued in print: 2018. | ||
| 504 | |a Includes bibliographical references. | ||
| 520 | 8 | |a The results of an archival survey, historical research and archaeological description of the main Italian excavations in Alexandria from the 1890s to the 1950s, accompanied by often unpublished photographs and followed by a catalogue of other rare photographs of different archaeological sites in the city. | |
| 521 | |a Specialized. | ||
| 588 | |a Description based on online resource; title from home page (viewed on October 4, 2018). | ||
| 650 | 0 | |a Excavations (Archaeology) |z Egypt |z Alexandria |x History. | |
| 650 | 0 | |a Excavations (Archaeology) |z Egypt |z Alexandria |x History |v Pictorial works. | |
| 650 | 0 | |a Archaeologists |z Italy |x History |y 20th century. | |
| 651 | 0 | |a Alexandria (Egypt) |x Antiquities. | |
| 700 | 1 | |a Marchiori, Giorgia, |e author. | |
| 776 | 0 | 8 | |i Print version : |z 9781784918651 |
| 856 | 4 | 0 | |3 Archaeopress |u http://library.arce.org:8087/Archaeopress/Products/9781784918651 |
| 942 | |2 lcc |c EBOOK | ||
| 952 | |0 0 |1 0 |4 0 |6 DT0073 A4 |7 1 |9 46397 |a ARCH |b ARCH |d 2023-04-12 |l 0 |o DT73.A4 |r 2023-04-12 00:00:00 |w 2023-04-12 |y EBOOK | ||
| 999 | |c 52055 |d 52055 | ||
